| 000 | 00589nam a2200145Ia 4500 | ||
|---|---|---|---|
| 008 | 220216s9999 xx 000 0 und d | ||
| 100 | _aJoseph Mercykutty | ||
| 245 | 0 | _aImprints of climate on the properties of the soils in the traditional rubber growing tract in South India | |
| 260 |
_bInternational Workshop on Climate Change and Rubber Cultivation: R & D Priorities, 28-30 July 2010, Rubber Research Institute of India, Kottayam, pp. 33-34 _c2010 |
||
| 650 | _aClimate change | ||
| 650 | _aRubber growing soils | ||
| 650 | _aSoil properties | ||
| 650 | _aSouth India | ||
| 942 | _cBS | ||
| 999 |
_c49545 _d49545 |
||